01210nmc a2200325 a 4500003000900000005001700009008004100026020001800067040001300085110001100098245009200109260002600201300002000227490001800247500009100265500026800356650002100624650002200645650002300667650002200690650003400712650002500746650002500771650002100796650001400817650001200831651000900843651002100852651001100873AR-BaBNM20251128205550.0108019s1995 ||||||||||||||000 | spa|| a92-3-303096-2 cAR-BaBNM2 aUNESCO10aEn la calle con los niñosbprogramas para la reinserción de los niños de la calle aParísbUnescoc19950 a330 p.bláms. 0aJuventud plus1 aUNESCO: ORGANIZACION DE LAS NACIONES UNIDAS PARA LA EDUCACION, LA CIENCIA Y LA CULTURA1 aLos proyectos que figuran en este libro, han sido seleccionados -según consta en el prólogo-, con la colaboración de especialistas de las comisiones nacionales para la UNESCO, las oficinas nacionales de la UNICEF, la Oficina Católica de la Infancia: OICI, 4aDELITOS SEXUALES 4aNINOS DE LA CALLE 4aPROGRAMAS SOCIALES 4aDERECHOS DEL NINO 4aPREVENCION DE LA DELINCUENCIA 4aPLANIFICACION SOCIAL 4aDELINCUENCIA JUVENIL 4aABUSO DE MENORES 4aVIOLENCIA 4aPOBREZA 4aAsia 4aAmérica Latina 4aAfrica